Loading...
Auditory Arts | 6 | 16.67 | 100% | 50% | 17% |
Beliefs | 9 | 15.56 | 89% | 56% | 11% |
Current Events | 4 | 17.50 | 100% | 50% | 25% |
Fine Arts - Other Arts | 6 | 18.33 | 100% | 67% | 17% |
Geography | 2 | 5.00 | 50% | 0% | 0% |
History - American History | 4 | 17.50 | 100% | 50% | 25% |
History - Ancient History | 3 | 13.33 | 67% | 33% | 33% |
History - European History | 5 | 18.00 | 100% | 80% | 0% |
History - Other History | 3 | 16.67 | 100% | 67% | 0% |
History - World History | 3 | 13.33 | 100% | 33% | 0% |
Literature - American Literature | 6 | 16.67 | 100% | 67% | 0% |
Literature - British Literature | 7 | 18.57 | 100% | 71% | 14% |
Literature - European Literature | 6 | 20.00 | 100% | 67% | 33% |
Literature - World Literature | 7 | 21.43 | 100% | 71% | 43% |
Other Academic | 1 | 20.00 | 0% | 100% | 100% |
Philosophy | 6 | 18.33 | 100% | 67% | 17% |
Science - Biology | 4 | 17.50 | 100% | 75% | 0% |
Science - Chemistry | 7 | 11.43 | 100% | 14% | 0% |
Science - Other Science | 4 | 17.50 | 75% | 75% | 25% |
Science - Physics | 6 | 20.00 | 100% | 100% | 0% |
Social Science | 4 | 15.00 | 100% | 50% | 0% |
Visual Arts | 3 | 16.67 | 100% | 67% | 0% |